A dictionary of modern written Arabic /

محفوظ في:

المؤلف الرئيسي: Wehr, Hans, 1909-1981.

مؤلفون آخرون: Cowan, J. Milton.

التنسيق: كتاب

اللغة: Arabic

منشور في: Wiesbaden : Harrassowitz, 1961.

الموضوعات:

الوسوم: إضافة وسم

لا توجد وسوم, كن أول من يضع وسما على هذه التسجيلة!

رقم الطلب: REF. PJ6640 .W43 1961

LEADER 00590nam a22001937a 4500
003 OCoLC
005 20251230083357.0
008 251230t1961 gw d 000 0 ara d
040 |c ARCE Library 
050 1 4 |a REF. PJ6640  |b .W43 1961 
100 1 |a Wehr, Hans,  |d 1909-1981. 
245 1 0 |a A dictionary of modern written Arabic /  |c Hans Wehr ; edited by J. Milton Cowan. 
264 1 |a Wiesbaden :  |b Harrassowitz,  |c 1961. 
300 |a xvii, 1110 pages ;  |c 23 cm 
650 0 |a Arabic language  |v Dictionaries  |x English. 
700 1 |a Cowan, J. Milton. 
901 |a reviewed 
942 |2 lcc  |c BK 
999 |c 56637  |d 56637